[Event "DVM U16 2015"]
[Site "Lingen (Ems) GER"]
[Date "2015.12.27"]
[Round "2"]
[White "Laubrock, Paul"]
[Black "Shvartsman, Kristina"]
[Result "1-0"]
[Termination "normal"]
[Board "3.3"]
[WhiteElo "1980"]
[BlackElo "1417"]
[WhiteClock "00:38:39"]
[BlackClock "00:30:35"]
[WhiteTeam "Hagener SV"]
[BlackTeam "SK Gräfelfing"]
[PlyCount "91"]
[WhiteFideId "1270509"]
[BlackFideId "12983438"]
[EventCountry "GER"]
[EventRounds "7"]
[EventType "team-swiss"]
[EventDate "2015.12.26"]

1. d4 {[%clk 1:30:58]} Nf6 {[%clk 1:30:54]} 2. Nc3 {[%clk 1:31:24]} d5 {[%clk
1:31:17]} 3. Bf4 {[%clk 1:31:35]} e6 {[%clk 1:31:12]} 4. f3 {[%clk 1:31:59]}
Bb4 {[%clk 1:22:14]} 5. Qd2 {[%clk 1:31:35]} O-O {[%clk 1:21:08]} 6. O-O-O
{[%clk 1:30:54]} Bd7 {[%clk 1:19:27]} 7. g4 {[%clk 1:29:00]} c5 {[%clk
1:17:26]} 8. e3 {[%clk 1:24:30]} Qa5 {[%clk 1:14:03]} 9. Nge2 {[%clk 1:22:17]}
Rc8 {[%clk 1:09:51]} 10. dxc5 {[%clk 1:06:51]} Na6 {[%clk 0:58:38]} 11. a3
{[%clk 1:01:22]} Bxa3 {[%clk 0:58:00]} 12. bxa3 {[%clk 1:01:44]} Qxa3+ {[%clk
0:58:25]} 13. Kb1 {[%clk 1:02:06]} Qb4+ {[%clk 0:58:40]} 14. Ka1 {[%clk
1:01:52]} Rxc5 {[%clk 0:57:54]} 15. Na2 {[%clk 1:00:47]} Qa4 {[%clk 0:48:50]}
16. Nec3 {[%clk 0:58:27]} Qc6 {[%clk 0:38:29]} 17. Rb1 {[%clk 0:55:40]} Ra5
{[%clk 0:37:07]} 18. Bb5 {[%clk 0:50:45]} Qc5 {[%clk 0:33:23]} 19. Na4 {[%clk
0:46:02]} Rxa4 {[%clk 0:32:34]} 20. Bxa4 {[%clk 0:46:26]} Bxa4 {[%clk 0:32:58]}
21. Rxb7 {[%clk 0:46:18]} Bb5 {[%clk 0:30:06]} 22. Rb1 {[%clk 0:43:05]} Bc4
{[%clk 0:29:37]} 23. Qc3 {[%clk 0:37:26]} Qc6 {[%clk 0:27:26]} 24. Qa3 {[%clk
0:30:41]} Nd7 {[%clk 0:24:58]} 25. R7b2 {[%clk 0:30:02]} Nb6 26. Nb4 {[%clk
0:23:39]} Qc5 {[%clk 0:21:19]} 27. c3 {[%clk 0:20:46]} f6 {[%clk 0:15:36]} 28.
Nc2 {[%clk 0:20:45]} Qc6 {[%clk 0:14:43]} 29. Nd4 {[%clk 0:20:10]} Qd7 {[%clk
0:14:01]} 30. Nb3 {[%clk 0:20:35]} e5 31. Bg3 Nc7 {[%clk 0:13:57]} 32. Na5
{[%clk 0:18:17]} Nb5 {[%clk 0:12:11]} 33. Qb4 {[%clk 0:17:41]} Nxc3 {[%clk
0:11:39]} 34. Nxc4 {[%clk 0:17:59]} Nxb1 {[%clk 0:11:32]} 35. Nxb6 {[%clk
0:18:12]} axb6+ {[%clk 0:11:22]} 36. Kxb1 {[%clk 0:18:36]} Ra6 {[%clk 0:10:04]}
37. Qb3 {[%clk 0:15:37]} Kf8 {[%clk 0:08:17]} 38. Be1 {[%clk 0:14:47]} Qa7
{[%clk 0:06:39]} 39. Bb4+ {[%clk 0:14:03]} Ke8 {[%clk 0:06:58]} 40. Qxd5 {[%clk
0:11:37]} Ra1+ {[%clk 0:06:20]} 41. Kc2 {[%clk 0:12:03]} Qa4+ {[%clk 0:06:33]}
42. Kd3 {[%clk 0:10:03]} Qd1+ {[%clk 0:05:22]} 43. Bd2 {[%clk 0:08:01]} Ra3+
{[%clk 0:05:26]} 44. Ke4 {[%clk 0:08:19]} Ra4+ {[%clk 0:03:18]} 45. Kf5 {[%clk
0:08:31]} Qa1 {[%clk 0:30:35]} 46. Rxb6 {[%clk 0:38:39]} 1-0

[Event "DVM U16 2015"]
[Site "Lingen (Ems) GER"]
[Date "2015.12.27"]
[Round "2"]
[White "Yaroshenko, Yaroslav"]
[Black "Glaser, Maximilian"]
[Result "1-0"]
[Termination "normal"]
[Board "3.4"]
[WhiteElo "1702"]
[BlackElo "1759"]
[WhiteClock "00:06:42"]
[BlackClock "00:33:21"]
[WhiteTeam "SK Gräfelfing"]
[BlackTeam "Hagener SV"]
[PlyCount "83"]
[WhiteFideId "16204905"]
[BlackFideId "12956961"]
[EventCountry "GER"]
[EventRounds "7"]
[EventType "team-swiss"]
[EventDate "2015.12.26"]

1. d4 {[%clk 1:30:58]} d5 {[%clk 1:30:42]} 2. c4 {[%clk 1:31:24]} c6 {[%clk
1:30:30]} 3. Nf3 {[%clk 1:31:11]} Nf6 {[%clk 1:29:53]} 4. Bf4 {[%clk 1:30:33]}
e6 {[%clk 1:25:49]} 5. e3 {[%clk 1:30:06]} Nbd7 {[%clk 1:21:26]} 6. Bd3 {[%clk
1:28:11]} c5 {[%clk 1:16:29]} 7. cxd5 {[%clk 1:22:45]} Nxd5 {[%clk 1:16:23]} 8.
Bg3 {[%clk 1:22:55]} cxd4 {[%clk 1:15:16]} 9. Nxd4 {[%clk 1:22:18]} Bb4+ {[%clk
1:10:39]} 10. Nd2 {[%clk 1:21:07]} Nc5 {[%clk 1:08:33]} 11. Bb5+ {[%clk
1:19:35]} Bd7 {[%clk 1:08:52]} 12. Bxd7+ {[%clk 1:16:09]} Qxd7 {[%clk 1:09:00]}
13. O-O {[%clk 1:16:03]} Bxd2 {[%clk 1:08:16]} 14. Qxd2 {[%clk 1:15:17]} Ne4
{[%clk 1:08:27]} 15. Qe2 {[%clk 1:14:32]} Nxg3 {[%clk 1:08:11]} 16. hxg3 {[%clk
1:14:45]} O-O {[%clk 1:07:39]} 17. Rfd1 {[%clk 1:11:07]} Qe7 {[%clk 1:04:16]}
18. Rac1 {[%clk 1:08:42]} Rac8 {[%clk 0:59:28]} 19. Qb5 {[%clk 1:04:19]} g6
{[%clk 0:57:13]} 20. Nb3 {[%clk 0:59:23]} a6 {[%clk 0:54:01]} 21. Qe2 {[%clk
0:54:19]} Rfd8 {[%clk 0:50:05]} 22. Nd4 {[%clk 0:48:18]} Kg7 {[%clk 0:47:43]}
23. Rxc8 {[%clk 0:46:14]} Rxc8 {[%clk 0:47:58]} 24. a3 {[%clk 0:45:16]} Nb6
{[%clk 0:46:18]} 25. b4 {[%clk 0:40:06]} Nd5 {[%clk 0:44:29]} 26. Qb2 {[%clk
0:39:04]} f6 {[%clk 0:44:40]} 27. Rc1 {[%clk 0:38:50]} Rxc1+ {[%clk 0:44:30]}
28. Qxc1 {[%clk 0:38:29]} e5 {[%clk 0:44:51]} 29. Nb3 {[%clk 0:36:17]} b6
{[%clk 0:42:37]} 30. Qc6 {[%clk 0:35:50]} Qf7 {[%clk 0:42:33]} 31. Nd2 {[%clk
0:34:43]} b5 {[%clk 0:34:52]} 32. Qxa6 {[%clk 0:27:57]} Qc7 {[%clk 0:34:38]}
33. Ne4 {[%clk 0:27:36]} Qc4 {[%clk 0:34:43]} 34. Nc5 {[%clk 0:18:52]} Qc1+
{[%clk 0:33:34]} 35. Kh2 {[%clk 0:19:12]} Qd1 {[%clk 0:33:59]} 36. Qxb5 {[%clk
0:14:45]} Kh6 {[%clk 0:33:44]} 37. Qd3 {[%clk 0:12:49]} Qh5+ {[%clk 0:33:55]}
38. Kg1 {[%clk 0:13:08]} Nc3 {[%clk 0:34:19]} 39. f3 {[%clk 0:08:31]} Na2
{[%clk 0:32:54]} 40. Qc2 {[%clk 0:08:20]} Qg5 {[%clk 0:33:12]} 41. Kf2 {[%clk
0:06:44]} e4 {[%clk 0:33:21]} 42. Qxa2 {[%clk 0:06:42]} 1-0

[Event "DVM U16 2015"]
[Site "Lingen (Ems) GER"]
[Date "2015.12.27"]
[Round "2"]
[White "Kasüschke, Lars"]
[Black "Hartge, Gedeon"]
[Result "1/2-1/2"]
[Termination "normal"]
[Board "4.1"]
[WhiteElo "1892"]
[BlackElo "1971"]
[WhiteTeam "SG Schwäbisch Gmünd 1872"]
[BlackTeam "USV Volksbank Halle"]
[PlyCount "82"]
[WhiteFideId "12939510"]
[BlackFideId "12932116"]
[EventCountry "GER"]
[EventRounds "7"]
[EventType "team-swiss"]
[EventDate "2015.12.26"]

1. c4 c5 2. Nc3 Nf6 3. g3 d5 4. cxd5 Nxd5 5. Bg2 Nc7 6. Nf3 Nc6 7. O-O e5 8. d3
Be7 9. Be3 O-O 10. Ne4 b6 11. Ned2 Be6 12. Rc1 Rc8 13. Nc4 f6 14. Bd2 Qd7 15.
Bc3 Nd5 16. b3 Rfd8 17. Qd2 Nd4 18. Bb2 Nb4 19. Bc3 Nbc6 20. Qb2 Bg4 21. Bxd4
cxd4 22. a3 Bh3 23. b4 Bxg2 24. Kxg2 Bf8 25. Rc2 Ne7 26. Rfc1 Nd5 27. Qb3 Qf7
28. Nfd2 Nc3 29. Nb1 Nxb1 30. Qxb1 g6 31. Kg1 Qe6 32. Nd2 Rxc2 33. Qxc2 Bh6 34.
Qc7 Rf8 35. Rc6 Qxc6 36. Qxc6 Bxd2 37. Kg2 Rf7 38. Kf3 Kg7 39. Ke4 Bc3 40. Kd5
Bb2 41. a4 Bc3 1/2-1/2

[Event "DVM U16 2015"]
[Site "Lingen (Ems) GER"]
[Date "2015.12.27"]
[Round "2"]
[White "Gröbel, Aaron"]
[Black "Reindl, Arno"]
[Result "1-0"]
[Termination "normal"]
[Board "4.2"]
[WhiteElo "1892"]
[BlackElo "1586"]
[WhiteTeam "USV Volksbank Halle"]
[BlackTeam "SG Schwäbisch Gmünd 1872"]
[PlyCount "55"]
[WhiteFideId "12914851"]
[BlackFideId "12946729"]
[EventCountry "GER"]
[EventRounds "7"]
[EventType "team-swiss"]
[EventDate "2015.12.26"]

1. e4 c5 2. Nf3 d6 3. d4 cxd4 4. Nxd4 Nf6 5. Nc3 g6 6. Be3 Bg7 7. f3 Nc6 8. Qd2
O-O 9. O-O-O a6 10. g4 h5 11. gxh5 Nxh5 12. Bc4 Ne5 13. Bb3 b5 14. Bh6 Bd7 15.
Bxg7 Kxg7 16. f4 Nc4 17. Bxc4 bxc4 18. f5 Rb8 19. Nd5 e6 20. Qc3 Kh7 21. Ne3
Qc7 22. Rhg1 Rb7 23. Rg5 Rfb8 24. Rdg1 Rxb2 25. Rxh5+ gxh5 26. Rg7+ Kh6 27.
Nxe6 Rb1+ 28. Kd2 1-0

[Event "DVM U16 2015"]
[Site "Lingen (Ems) GER"]
[Date "2015.12.27"]
[Round "2"]
[White "Waibel, Christian"]
[Black "Perekhozhuk, Maksym"]
[Result "0-1"]
[Termination "normal"]
[Board "4.3"]
[WhiteElo "1565"]
[BlackElo "1875"]
[WhiteTeam "SG Schwäbisch Gmünd 1872"]
[BlackTeam "USV Volksbank Halle"]
[PlyCount "74"]
[WhiteFideId "16217497"]
[BlackFideId "12914860"]
[EventCountry "GER"]
[EventRounds "7"]
[EventType "team-swiss"]
[EventDate "2015.12.26"]

1. e4 c5 2. Nf3 d6 3. Bb5+ Bd7 4. Bxd7+ Qxd7 5. d3 Nc6 6. Nc3 g6 7. O-O Bg7 8.
Re1 e6 9. Bf4 Nge7 10. Qd2 O-O 11. Bh6 d5 12. exd5 exd5 13. Bxg7 Kxg7 14. d4
cxd4 15. Nxd4 Rad8 16. Re3 h5 17. Rd1 Kh7 18. Nxc6 bxc6 19. Ne2 Nf5 20. Rd3 Nh6
21. c4 Qb7 22. b3 Qa6 23. Nc3 Rfe8 24. cxd5 Rd6 25. Rd4 Nf5 26. Ra4 Qb7 27. Ne4
Rxd5 28. Nf6+ Kh8 29. Nxd5 cxd5 30. h3 Rd8 31. g4 Nh4 32. Qh6+ Kg8 33. gxh5 d4
34. f3 Qxf3 35. Qd2 Qg3+ 36. Kf1 Qxh3+ 37. Kf2 Qg2+ 0-1

[Event "DVM U16 2015"]
[Site "Lingen (Ems) GER"]
[Date "2015.12.27"]
[Round "2"]
[White "Schulte, Felix"]
[Black "Reindl, Knut"]
[Result "1/2-1/2"]
[Termination "normal"]
[Board "4.4"]
[WhiteElo "1813"]
[BlackElo "1697"]
[WhiteTeam "USV Volksbank Halle"]
[BlackTeam "SG Schwäbisch Gmünd 1872"]
[PlyCount "62"]
[WhiteFideId "12914800"]
[BlackFideId "12946753"]
[EventCountry "GER"]
[EventRounds "7"]
[EventType "team-swiss"]
[EventDate "2015.12.26"]

1. d4 d5 2. c4 c6 3. Nc3 e6 4. cxd5 cxd5 5. Bf4 Bd6 6. Bxd6 Qxd6 7. e3 a6 8.
Bd3 Nc6 9. a3 Bd7 10. Nf3 Nf6 11. O-O O-O 12. Rc1 Rac8 13. Bb1 Rfe8 14. Qd3 g6
15. Rfd1 Kg7 16. Qe2 Rc7 17. Nd2 Na5 18. e4 Qb6 19. b4 Nc4 20. e5 Ng4 21. Ba2
Nxd2 22. Qxd2 Rec8 23. Ne2 Rxc1 24. Rxc1 Rxc1+ 25. Nxc1 Bb5 26. Nb3 Qc7 27. Nc5
b6 28. a4 bxc5 29. axb5 cxb4 30. bxa6 Qc6 31. Qd3 Qc1+ 1/2-1/2

[Event "DVM U16 2015"]
[Site "Lingen (Ems) GER"]
[Date "2015.12.27"]
[Round "2"]
[White "Schnabel, Bennett"]
[Black "Kania, Markus"]
[Result "0-1"]
[Termination "normal"]
[Board "5.1"]
[WhiteElo "2072"]
[BlackElo "1796"]
[WhiteTeam "SV Mattnetz Berlin"]
[BlackTeam "MTV 1876 Saalfeld"]
[PlyCount "66"]
[WhiteFideId "12943290"]
[BlackFideId "12903736"]
[EventCountry "GER"]
[EventRounds "7"]
[EventType "team-swiss"]
[EventDate "2015.12.26"]

1. e4 c5 2. Nf3 Nc6 3. d4 cxd4 4. Nxd4 e6 5. Nc3 Nf6 6. Ndb5 d6 7. Bg5 a6 8.
Nd4 Be7 9. Be2 Qa5 10. Nxc6 bxc6 11. Bd2 Qc7 12. O-O O-O 13. Be3 d5 14. Bf3 Rd8
15. exd5 exd5 16. Ne2 Ng4 17. Bxg4 Bxg4 18. f3 Bf5 19. Nd4 Bg6 20. f4 Be4 21.
Nb3 c5 22. Nd2 Bf5 23. g4 d4 24. Bf2 Bc8 25. Bg3 Bb7 26. Nf3 Bd6 27. Qd2 Re8
28. Rae1 Rxe1 29. Nxe1 Re8 30. Ng2 Qc6 31. Qf2 c4 32. Rd1 d3 33. Kh1 Re2 0-1

[Event "DVM U16 2015"]
[Site "Lingen (Ems) GER"]
[Date "2015.12.27"]
[Round "2"]
[White "Ratay, Meike"]
[Black "Hesse, Henrik"]
[Result "1/2-1/2"]
[Termination "normal"]
[Board "5.2"]
[WhiteElo "1678"]
[BlackElo "1916"]
[WhiteTeam "MTV 1876 Saalfeld"]
[BlackTeam "SV Mattnetz Berlin"]
[PlyCount "73"]
[WhiteFideId "12977608"]
[BlackFideId "12952060"]
[EventCountry "GER"]
[EventRounds "7"]
[EventType "team-swiss"]
[EventDate "2015.12.26"]

1. e4 e5 2. Nf3 Nf6 3. Nc3 Nc6 4. d4 exd4 5. Nxd4 Bb4 6. Nxc6 bxc6 7. Bd3 d5 8.
exd5 cxd5 9. O-O O-O 10. Bg5 c6 11. Ne2 h6 12. Bh4 Bd6 13. Bg3 Bxg3 14. Nxg3
Ng4 15. h3 Ne5 16. Re1 Nxd3 17. Qxd3 Qf6 18. c3 Be6 19. Qe3 Rfb8 20. b3 Rb5 21.
Rad1 c5 22. Nh5 Qg5 23. Nf4 Rd8 24. Nxe6 Qxe3 25. Rxe3 fxe6 26. Rxe6 Rb6 27.
Re5 Rbd6 28. c4 dxc4 29. Rxd6 Rxd6 30. Rxc5 cxb3 31. axb3 Rb6 32. Rc8+ Kf7 33.
Rc7+ Kf6 34. Rxa7 Rxb3 35. Kh2 Rb6 36. h4 h5 37. Ra5 1/2-1/2

[Event "DVM U16 2015"]
[Site "Lingen (Ems) GER"]
[Date "2015.12.27"]
[Round "2"]
[White "Acikel, Mert"]
[Black "Grund, Sebastian"]
[Result "0-1"]
[Termination "normal"]
[Board "5.3"]
[WhiteElo "1859"]
[BlackElo "1778"]
[WhiteTeam "SV Mattnetz Berlin"]
[BlackTeam "MTV 1876 Saalfeld"]
[PlyCount "76"]
[WhiteFideId "12956465"]
[BlackFideId "12988626"]
[EventCountry "GER"]
[EventRounds "7"]
[EventType "team-swiss"]
[EventDate "2015.12.26"]

1. e4 {[%emt 0:00:00]} c5 2. Nf3 Nc6 3. d4 cxd4 4. Nxd4 g6 5. Be2 Bg7 6. Nb3
Nf6 7. Nc3 d6 8. O-O O-O 9. Bg5 Be6 10. Re1 Rc8 11. Bf1 h6 12. Bh4 Na5 13. Nd5
Bxd5 14. exd5 Nc4 15. Bxc4 Rxc4 16. Bg3 Qc7 17. c3 Ne4 18. Qd3 Nxg3 19. hxg3
Re8 20. Re2 h5 21. Rae1 Rg4 22. Qb5 Kf8 23. Na5 Bf6 24. Nb3 h4 25. gxh4 Rxh4
26. g3 Rh8 27. Kg2 Kg7 28. Nd2 Qc8 29. Ne4 Be5 30. f4 Bxf4 31. gxf4 Qg4+ 32.
Ng3 Rh3 33. Re3 Reh8 34. Kf1 Rh2 35. R1e2 R8h3 36. Rxh2 Rxh2 37. Qc4 Qd1+ 38.
Re1 Qf3+ 0-1

[Event "DVM U16 2015"]
[Site "Lingen (Ems) GER"]
[Date "2015.12.27"]
[Round "2"]
[White "Grohmann, Alexander"]
[Black "Oberhofer, Cédric"]
[Result "1/2-1/2"]
[Termination "normal"]
[Board "6.1"]
[WhiteElo "1753"]
[BlackElo "2150"]
[WhiteTeam "FVS ASP Hoyerswerda"]
[BlackTeam "SC Bavaria Regensburg 1881"]
[PlyCount "143"]
[WhiteFideId "12947679"]
[BlackFideId "12941220"]
[EventCountry "GER"]
[EventRounds "7"]
[EventType "team-swiss"]
[EventDate "2015.12.26"]

1. d4 Nf6 2. Nf3 g6 3. c4 Bg7 4. Nc3 d5 5. g3 O-O 6. Bg2 c5 7. dxc5 dxc4 8. O-O
Qc7 9. Qa4 Qxc5 10. Be3 Qh5 11. Qxc4 Nc6 12. Qh4 Qxh4 13. Nxh4 Be6 14. Rfd1 Ng4
15. Be4 Nge5 16. Nd5 Bxd5 17. Bxd5 Rfd8 18. Rac1 e6 19. Bg2 Rxd1+ 20. Rxd1 Rd8
21. Rxd8+ Nxd8 22. Bxa7 Nec6 23. Bb6 Bxb2 24. Nf3 e5 25. Ng5 Bd4 26. Bc7 h6 27.
Ne4 Ne6 28. Bd6 f5 29. Nd2 e4 30. e3 Bc5 31. Bxc5 Nxc5 32. Bf1 Ne5 33. Nc4 Nxc4
34. Bxc4+ Kg7 35. Kf1 Kf6 36. Ke1 Ke5 37. h4 g5 38. hxg5 hxg5 39. Kd2 f4 40.
gxf4+ gxf4 41. exf4+ Kxf4 42. Ke2 Nd7 43. Bd5 b6 44. Bc4 Ne5 45. Bb5 Nf3 46.
Bc4 Ke5 47. Ke3 Nd4 48. Bf7 Nf5+ 49. Kd2 Kd4 50. Be6 Nd6 51. Bb3 Nb7 52. Bf7
Nc5 53. Bg8 Nd3 54. Ke2 Nf4+ 55. Kd2 Nh5 56. Bf7 Ng7 57. Bb3 Nh5 58. Bg8 Nf6
59. Bf7 Ke5 60. Ke3 Ng4+ 61. Ke2 Kf4 62. Bb3 Ne5 63. Be6 Nf3 64. Bf7 Nd4+ 65.
Ke1 e3 66. fxe3+ Kxe3 67. Kd1 Kd3 68. Kc1 Kc3 69. Be8 Ne6 70. Bd7 Nc5 71. Be8
Nd3+ 72. Kb1 1/2-1/2

[Event "DVM U16 2015"]
[Site "Lingen (Ems) GER"]
[Date "2015.12.27"]
[Round "2"]
[White "Dechant, Georg"]
[Black "Rössel, Louis"]
[Result "1-0"]
[Termination "normal"]
[Board "6.2"]
[WhiteElo "1993"]
[BlackElo "1772"]
[WhiteTeam "SC Bavaria Regensburg 1881"]
[BlackTeam "FVS ASP Hoyerswerda"]
[PlyCount "102"]
[WhiteFideId "12956716"]
[BlackFideId "12966398"]
[EventCountry "GER"]
[EventRounds "7"]
[EventType "team-swiss"]
[EventDate "2015.12.26"]

1. e4 c5 2. Nf3 d6 3. d4 cxd4 4. Nxd4 Nf6 5. Nc3 a6 6. f4 e5 7. Nf3 Nbd7 8. Qe2
b5 9. Bd2 Bb7 10. O-O-O Qc7 11. a3 Rc8 12. Be1 Be7 13. Rg1 exf4 14. Nd4 g6 15.
g4 Nc5 16. Bg2 h5 17. Bf3 hxg4 18. Bxg4 Rd8 19. Bf3 Nfd7 20. Bd2 Ne5 21. Bxf4
Nc4 22. Ndxb5 axb5 23. Nxb5 Qb6 24. Qxc4 Ba6 25. Be2 Rh4 26. Be3 Qb7 27. Bxc5
dxc5 28. Rxd8+ Kxd8 29. Rd1+ Ke8 30. Qa4 Kf8 31. Bd3 Rxh2 32. Rf1 Rh4 33. Qb3
Bg5+ 34. Kb1 Bxb5 35. Bxb5 Rxe4 $11 36. Rd1 Be7 37. Rd7 Re1+ 38. Ka2 Qe4 39.
Qc3 Rh1 40. Bc4 Qf4 41. Bd5 Rh2 42. Ra7 Qd4 43. Qb3 Qf4 44. Ra4 Qf2 45. Qb8+
Kg7 46. Rf4 Qd2 47. Rxf7+ Kh6 48. Qh8+ Kg5 49. Qe5+ Kh6 50. Rxe7 Rh5 51. Qh8+
Kg5 1-0

[Event "DVM U16 2015"]
[Site "Lingen (Ems) GER"]
[Date "2015.12.27"]
[Round "2"]
[White "Oberhofer, Marie"]
[Black "Hassemeier, Mika"]
[Result "1/2-1/2"]
[Termination "normal"]
[Board "6.4"]
[WhiteElo "1602"]
[BlackElo "1773"]
[WhiteTeam "SC Bavaria Regensburg 1881"]
[BlackTeam "FVS ASP Hoyerswerda"]
[PlyCount "112"]
[WhiteFideId "12938165"]
[BlackFideId "12994880"]
[EventCountry "GER"]
[EventRounds "7"]
[EventType "team-swiss"]
[EventDate "2015.12.26"]

1. e4 c5 2. Nf3 e6 3. d4 cxd4 4. Nxd4 Nf6 5. Nc3 Bb4 6. Bd3 Nc6 7. Nxc6 bxc6 8.
Bd2 d5 9. exd5 cxd5 10. O-O O-O 11. a3 Bd6 12. Qe2 a6 13. Rab1 e5 14. Nxd5 Nxd5
15. Qe4 g6 16. Qxd5 Be6 17. Qf3 f5 18. Qe2 Qc8 19. f3 Qc7 20. Rfc1 Kh8 21. Bc3
Kg8 22. Bd2 Bd5 23. h3 Qe7 24. Bc4 Bxc4 25. Qxc4+ Kg7 26. Re1 Rac8 27. Qxa6
Rxc2 28. Bc3 Qg5 29. Re2 Bc5+ 30. Kh1 Rxe2 31. Qxe2 Bd4 32. Bxd4 exd4 33. Qe5+
Qf6 34. Qxf6+ Kxf6 35. Kg1 Ke5 36. Kf2 Kd5 37. Rc1 Rb8 38. Rc2 d3 39. Rd2 Kd4
40. Ke1 Rc8 41. Kd1 Ke3 42. b4 Rc3 43. Ra2 f4 44. a4 Rb3 45. Kc1 Rxb4 46. a5
Rc4+ 47. Kd1 Rc7 48. a6 Ra7 49. Ke1 g5 50. Kd1 h6 51. Ke1 Rc7 52. Kd1 Ra7 53.
Ke1 Rc7 54. Ra1 Ra7 55. Ra2 Rc7 56. Kd1 Ra7 1/2-1/2

[Event "DVM U16 2015"]
[Site "Lingen (Ems) GER"]
[Date "2015.12.27"]
[Round "2"]
[White "Gschnitzer, Adrian"]
[Black "Knudsen, Simon"]
[Result "1-0"]
[Termination "normal"]
[Board "7.1"]
[WhiteElo "2126"]
[BlackElo "1912"]
[WhiteTeam "SV 1947 Walldorf"]
[BlackTeam "SV Horst-Emscher 31"]
[PlyCount "53"]
[WhiteFideId "1270337"]
[BlackFideId "12985546"]
[EventCountry "GER"]
[EventRounds "7"]
[EventType "team-swiss"]
[EventDate "2015.12.26"]

1. e4 e5 2. Nf3 Nc6 3. d4 exd4 4. Nxd4 Bb4+ 5. c3 Bc5 6. g3 Nf6 7. Bg2 O-O 8.
O-O Re8 9. Be3 Bxd4 10. cxd4 Nxe4 11. d5 Nb8 12. Bxe4 Rxe4 13. Nc3 Re8 14. d6
c6 15. Re1 b6 16. Qg4 Re6 17. Bd4 Rg6 18. Qh4 Qf8 19. Ne4 f5 20. Ng5 h6 21. f4
hxg5 22. fxg5 Rxd6 23. Qh5 Re6 24. Rxe6 dxe6 25. g6 Qd6 26. Qh7+ Kf8 27. Qxg7+
1-0

[Event "DVM U16 2015"]
[Site "Lingen (Ems) GER"]
[Date "2015.12.27"]
[Round "2"]
[White "Walker, Julia"]
[Black "Färber, David"]
[Result "1/2-1/2"]
[Termination "normal"]
[Board "7.2"]
[WhiteElo "1772"]
[BlackElo "2000"]
[WhiteTeam "SV Horst-Emscher 31"]
[BlackTeam "SV 1947 Walldorf"]
[PlyCount "86"]
[WhiteFideId "1271852"]
[BlackFideId "12971294"]
[EventCountry "GER"]
[EventRounds "7"]
[EventType "team-swiss"]
[EventDate "2015.12.26"]

1. e4 c6 2. d4 d5 3. exd5 cxd5 4. c4 Nf6 5. Nc3 e6 6. Nf3 Be7 7. Bd3 dxc4 8.
Bxc4 O-O 9. O-O a6 10. a3 b5 11. Bb3 Bb7 12. Be3 Qd6 13. Ne5 Nd5 14. Qd3 Nd7
15. Bc2 N7f6 16. Bg5 g6 17. h4 Nxc3 18. bxc3 Be4 19. Qe2 Bxc2 20. Qxc2 Nd5 21.
Bxe7 Qxe7 22. c4 bxc4 23. Qxc4 Qxh4 24. Rab1 Rfc8 25. Qd3 Rc3 26. Qd2 Qf4 27.
Qxf4 Nxf4 28. Rb7 Rxa3 29. Nxf7 Ne2+ 30. Kh2 Kg7 31. Ng5+ Kf6 32. f4 Kf5 33.
Rf7+ Kg4 34. Nxe6 Re8 35. d5 Ra5 36. Nc7 Rd8 37. Rxh7 Nxf4 38. Ne6 Nxe6 39.
dxe6 Re8 40. Re1 Rh5+ 41. Rxh5 gxh5 42. e7 Kf5 43. Ra1 Rxe7 1/2-1/2

[Event "DVM U16 2015"]
[Site "Lingen (Ems) GER"]
[Date "2015.12.27"]
[Round "2"]
[White "Hartmann, Cora"]
[Black "Rebentisch, Tom"]
[Result "0-1"]
[Termination "normal"]
[Board "7.3"]
[WhiteElo "1803"]
[BlackElo "1838"]
[WhiteTeam "SV 1947 Walldorf"]
[BlackTeam "SV Horst-Emscher 31"]
[PlyCount "60"]
[WhiteFideId "16200764"]
[BlackFideId "16202627"]
[EventCountry "GER"]
[EventRounds "7"]
[EventType "team-swiss"]
[EventDate "2015.12.26"]

1. e4 e5 2. Nf3 Nc6 3. Bc4 Bc5 4. O-O Nf6 5. d4 Bxd4 6. Nxd4 Nxd4 7. f4 d6 8.
fxe5 dxe5 9. Bg5 Qe7 10. Na3 c6 11. c3 Ne6 12. Bxf6 gxf6 13. Kh1 Rg8 14. Rf2
Bd7 15. Qc2 O-O-O 16. Rd1 Nf4 17. Qa4 Qc5 18. Rdf1 Be6 19. Bxe6+ fxe6 20. g3
Nh5 21. Qc2 Qe7 22. Rd1 Ng7 23. g4 h5 24. gxh5 Nxh5 25. Rdf1 Qh7 26. Rg2 Ng3+
27. Kg1 Nxf1 28. Kxf1 Qh3 29. Qe2 Rxg2 30. Qxg2 Rd1+ 0-1

[Event "DVM U16 2015"]
[Site "Lingen (Ems) GER"]
[Date "2015.12.27"]
[Round "2"]
[White "Wulfhorst, Noah"]
[Black "Kreyssig, Bruno"]
[Result "1/2-1/2"]
[Termination "normal"]
[Board "8.1"]
[WhiteElo "1641"]
[BlackElo "2049"]
[WhiteTeam "Gütersloher SV von 1923"]
[BlackTeam "SG Leipzig"]
[PlyCount "69"]
[WhiteFideId "12964956"]
[BlackFideId "4692489"]
[EventCountry "GER"]
[EventRounds "7"]
[EventType "team-swiss"]
[EventDate "2015.12.26"]

1. e4 c5 2. Nf3 d6 3. d4 cxd4 4. Nxd4 Nf6 5. Nc3 g6 6. Be3 Bg7 7. f3 O-O 8. Qd2
Nc6 9. O-O-O Nxd4 10. Bxd4 Be6 11. g4 Qa5 12. Kb1 Rfc8 13. a3 Rab8 14. Nb5 Qxd2
15. Rxd2 a6 16. Nc3 b5 17. e5 Ne8 18. exd6 Nxd6 19. Bxg7 Kxg7 20. Rd4 a5 21.
Bd3 Nc4 22. Bxc4 Bxc4 23. Rd7 b4 24. axb4 axb4 25. Ne4 Ra8 26. b3 Be2 27. Ng5
Ra5 28. Re1 Bb5 29. Rdxe7 Rca8 30. c4 bxc3 31. Kc2 Rc8 32. Rxf7+ Kg8 33. Ree7
Ra2+ 34. Kb1 Rxh2 35. Rg7+ 1/2-1/2

[Event "DVM U16 2015"]
[Site "Lingen (Ems) GER"]
[Date "2015.12.27"]
[Round "2"]
[White "Hofmann, Timo"]
[Black "Kandler, Philipp"]
[Result "1/2-1/2"]
[Termination "normal"]
[Board "8.2"]
[WhiteElo "1776"]
[BlackElo "1511"]
[WhiteTeam "SG Leipzig"]
[BlackTeam "Gütersloher SV von 1923"]
[PlyCount "64"]
[WhiteFideId "12946044"]
[BlackFideId "16200772"]
[EventCountry "GER"]
[EventRounds "7"]
[EventType "team-swiss"]
[EventDate "2015.12.26"]

1. d4 d5 2. c4 e6 3. Nc3 Nf6 4. cxd5 exd5 5. Bg5 Nbd7 6. e3 c6 7. Bd3 Be7 8.
Qc2 h6 9. Bh4 O-O 10. Nge2 b5 11. O-O a5 12. f3 Ba6 13. Rae1 b4 14. Nd1 c5 15.
b3 Qc7 16. Bg3 Qc6 17. Nf2 c4 18. bxc4 Bxc4 19. e4 Qb5 20. exd5 Bxd3 21. Qxd3
Qxd3 22. Nxd3 Nxd5 23. Nef4 Nxf4 24. Nxf4 Bd6 25. Rc1 Nf6 26. Nh5 Bxg3 27.
Nxf6+ gxf6 28. hxg3 Rac8 29. Rc5 Rxc5 30. dxc5 Rc8 31. Rc1 a4 32. Rb1 b3
1/2-1/2

[Event "DVM U16 2015"]
[Site "Lingen (Ems) GER"]
[Date "2015.12.27"]
[Round "2"]
[White "Fortenbacher, Dominic"]
[Black "Faßhauer, Jacob"]
[Result "0-1"]
[Termination "normal"]
[Board "8.3"]
[WhiteElo "1592"]
[BlackElo "1719"]
[WhiteTeam "Gütersloher SV von 1923"]
[BlackTeam "SG Leipzig"]
[PlyCount "72"]
[WhiteFideId "16200780"]
[BlackFideId "12990167"]
[EventCountry "GER"]
[EventRounds "7"]
[EventType "team-swiss"]
[EventDate "2015.12.26"]

1. e4 Nf6 2. Nc3 d5 3. exd5 Nxd5 4. Nxd5 Qxd5 5. Nf3 Nc6 6. d4 Bg4 7. Be2 e6 8.
c3 Be7 9. h3 Bf5 10. Be3 O-O 11. O-O h6 12. Qd2 Bf6 13. Nh2 Qd7 14. g4 Bg6 15.
f4 Be4 16. g5 hxg5 17. fxg5 Be7 18. Ng4 Bf5 19. Bd3 Qd5 20. Qc2 Bxd3 21. Qxd3
Bxg5 22. Bxg5 Qxg5 23. Qg3 f5 24. Rf4 fxg4 25. Rxg4 Qh6 26. Rg6 Rf3 27. Qg4
Qe3+ 28. Kh1 Rxh3+ 29. Kg2 Rh7 30. Rxe6 Qd2+ 31. Re2 Qh6 32. Kg3 Rf8 33. Qe6+
Qxe6 34. Rxe6 Rh6 35. Re2 Rg6+ 36. Kh2 Rf5 0-1